000 00389nam a2200145Ia 4500
008 100122s9999 xx 000 0 und d
082 _b52162
_a81
100 _aकलंदर
245 _aकानोकानी
260 _bरोहन प्रकाशन
_c1996
300 _a175
630 _aकानोकानी
730 _aकानोकानी
942 _cBOOK
999 _c429433
_d429430